Catalog

Record Details

Catalog Search



The secret wife  Cover Image CD Audiobook CD Audiobook

The secret wife / Gill Paul.

Paul, Gill, 1960- (author.). Kirman, Laura, (narrator.). Judd, Thomas (Actor), (narrator.).

Summary:

The stories of two very different women, linked by the secrets and lies of history, merge together as past and present weave together in this stunning story of love, loss and resilience.

Record details

  • ISBN: 9780008346799
  • ISBN: 0008346798
  • ISBN: 9780008338350
  • ISBN: 0008338353
  • Physical Description: 10 audio discs (12 hr.) ; 4 3/4 in.
  • Edition: Unabridged.
  • Publisher: [New York] : HarperCollins, [2019]

Content descriptions

Participant or Performer Note:
Performed by Laura Kirman and Thomas Judd.
Subject: Family secrets > Fiction.
Russia > History > Nicholas II, 1894-1917 > Fiction.
British > United States > Fiction.
Women journalists > Fiction.
Genre: Audiobooks.
Romance fiction.
Historical fiction.

Available copies

  • 1 of 1 copy available at scottsboropl.

Holds

  • 0 current holds with 1 total copy.
Show Only Available Copies
Location Call Number / Copy Notes Barcode Shelving Location Status Due Date
scottsboropl BK/CD Pau 32269001199754 Adult - Audiobook Available -

LDR 02936cim a2200757 i 4500
001156596
003SBPL
00520210928102947.0
008191104s2019 orunnnne f n eng d
007sd fsngnnmmned
020 . ‡a9780008346799 ‡q(sound recording ; ‡qBlackstone Library CD)
020 . ‡a0008346798 ‡q(sound recording ; ‡qBlackstone Library CD)
020 . ‡a9780008338350 ‡q(sound recording ; ‡qBlackstone Retail CD)
020 . ‡a0008338353 ‡q(sound recording ; ‡qBlackstone Retail CD)
035 . ‡a(OCoLC)1126285926
050 4. ‡aPR6116.A863 ‡bS43 2019ab
08204. ‡a823/.92 ‡223
1001 . ‡aPaul, Gill, ‡d1960- ‡eauthor.
24514. ‡aThe secret wife / ‡cGill Paul.
250 . ‡aUnabridged.
264 1. ‡a[New York] : ‡bHarperCollins, ‡c[2019]
300 . ‡a10 audio discs (12 hr.) ; ‡c4 3/4 in.
306 . ‡a120000
336 . ‡aspoken word ‡bspw ‡2rdacontent
337 . ‡aaudio ‡bs ‡2rdamedia
338 . ‡aaudio disc ‡bsd ‡2rdacarrier
344 . ‡adigital ‡2rdatr
344 . ‡boptical ‡2rdarm
344 . ‡c1.4 m/s
347 . ‡aaudio file ‡2rdaft
347 . ‡bCD audio
5110 . ‡aPerformed by Laura Kirman and Thomas Judd.
520 . ‡aThe stories of two very different women, linked by the secrets and lies of history, merge together as past and present weave together in this stunning story of love, loss and resilience.
650 0. ‡aFamily secrets ‡vFiction.
651 0. ‡aRussia ‡xHistory ‡yNicholas II, 1894-1917 ‡vFiction.
650 0. ‡aBritish ‡zUnited States ‡vFiction.
650 0. ‡aWomen journalists ‡vFiction.
655 7. ‡aAudiobooks. ‡2lcgft
655 7. ‡aRomance fiction. ‡2lcgft
655 7. ‡aHistorical fiction. ‡2lcgft
7001 . ‡aKirman, Laura, ‡enarrator.
7001 . ‡aJudd, Thomas ‡c(Actor), ‡enarrator.
901 . ‡a156596 ‡b ‡c156596 ‡tbiblio

Additional Resources